Didácticas inclusivas para el desarrollo de la lectura comprensiva en el contexto escolar regular

El presente proyecto de intervención tiene por finalidad realizar un aporte respecto de la práctica docente y las problemáticas que surgen en el trabajo de la educación regular desde un enfoque inclusivo. Uno de los problemas detectados en el contexto, en el que se desarrolla la intervención, dice r...

Descripción completa

Detalles Bibliográficos
Autor principal: Mena Araya, Yoisy
Otros Autores: Rojas Guzmán, Jennifer, Astorga Lineros, Blanca (profesor guía)
Formato: Tesis
Lenguaje:español
Publicado: Santiago, Chile: Universidad Academia de Humanismo Cristiano, 2018.
Materias:
Acceso en línea:Disponible en línea (PDF). Biblioteca Digital UAHC

MARC

LEADER 00000cmm a2200000 a 4500
001 000330
003 UAHC_CL
005 20210909180431.0
008 171121s2017 cl 000 spa
952 |0 0  |1 0  |2 ddc  |4 0  |6 TPEDIF_117_000000000000000  |7 0  |8 COMP  |9 90491  |a BC  |b BC  |c Referencia  |d 2018-08-27  |l 0  |o TPEDIF 117  |p 4127  |r 2019-01-03 00:00:00  |w 2018-08-27  |y TS  |B PEDIF 
999 |c 51062  |d 51062 
040 |a UAHC_CL  |c UAHC_CL  |d UAHC_CL 
100 |a Mena Araya, Yoisy  |9 4629 
245 1 3 |a Didácticas inclusivas para el desarrollo de la lectura comprensiva en el contexto escolar regular  |c Yoisy Mena, Jennifer Rojas; profesor guía Blanca Astorga. 
260 |a Santiago, Chile:  |b Universidad Academia de Humanismo Cristiano,  |c 2018. 
300 |a 1 cd rom 
500 |a Tesis para optar al título de Profesor de Educación Diferencial con mención en Trastornos Específico del Lenguaje Oral. 
502 |a Tesis (Profesor de educación diferencial) -- Universidad Academia de Humanismo Cristiano, 2018. 
516 |a Tesis electrónica (PDF) 
520 |a El presente proyecto de intervención tiene por finalidad realizar un aporte respecto de la práctica docente y las problemáticas que surgen en el trabajo de la educación regular desde un enfoque inclusivo. Uno de los problemas detectados en el contexto, en el que se desarrolla la intervención, dice relación con los bajos niveles de comprensión lectora que alcanzan los estudiantes, y la falta de estrategias efectivas que permitan potenciar el desarrollo de esta habilidad. Hoy se sabe, que comprender lo que se lee, es fundamental para la construcción de cocimientos en cualquier área del saber, como también, para entender e interactuar con el entorno. La comprensión lectora es una de las habilidades que permite decodificar e interpretar el mundo, por lo tanto, el desarrollo de está es esencial para la vida de cualquier sujeto. 
650 0 |a Educación inclusiva  |9 6033 
650 0 |9 2225  |a Métodos de enseñanza 
650 0 |a Comprensión de lectura  |9 10101 
700 |a Rojas Guzmán, Jennifer  |9 4630 
700 |a Astorga Lineros, Blanca  |9 940  |e profesor guía 
856 |u http://bibliotecadigital.academia.cl/xmlui/handle/123456789/4905  |y Disponible en línea (PDF). Biblioteca Digital UAHC 
900 |a TPEDIF 117 
942 |c TS